000 00579nam a2200193 i 4500
001 117835
003 ES-MaACL
005 20251015063119.0
007 t|
008 070214s1970 sp r ||||1| spa d
080 _a821.131.1-34"19"
100 1 _aPapini, Giovanni,
_d1881-1956
_988874
245 1 0 _aPalabras y sangre /
_cGiovanni Papini ; traducción de Mario Verdaguer.
260 _aBarcelona :
_bPlaza Janés,
_c1970.
300 _a158 p. ;
_c19 cm.
700 1 _aVerdaguer, Mario.
_9114001
852 _aES-MaACL
_jC-40253
_bR.76274
999 _c117835
_d117835